Central Library OPAC University of Rajshahi
Normal view MARC view

Entry Topical Term

Number of records used in: 3

001 - CONTROL NUMBER

  • control field: 5604

003 - CONTROL NUMBER IDENTIFIER

  • control field: BD-RjUL

005 - DATE AND TIME OF LATEST TRANSACTION

  • control field: 20221101092019.0

008 - FIXED-LENGTH DATA ELEMENTS

  • fixed length control field: 221101|| aca||aabn | a|a d

040 ## - CATALOGING SOURCE

  • Original cataloging agency: BD-RjUL
  • Transcribing agency: BD-RjUL

150 ## - HEADING--TOPICAL TERM

  • Topical term or geographic name entry element: Rohingya (Burmese people)
  • General subdivision: Society and Culture
  • Geographic subdivision: Bangladesh
  • Chronological subdivision: 1430-2005 AD

670 ## - SOURCE DATA FOUND

  • Source citation: Work cat.: (BD-RjUL)80668: উদ্দিন, মোহাম্মদ নাছির 5602, রোহিঙ্গা সমাজ ও সংস্কৃতিতে বাংলার প্রভাব, ১৪৩০-২০০৫ খ্রিস্টাব্দ :, ২০০৮